000 00610nam a22002297a 4500
003 UA-OsUOA
001 27389
007 ta
008 20040625b un ||||| |||| 00| 0 ukr d
090 _a75.03
_bЗ-38
942 _cBK
040 _aUA-OsUOA
_bukr
_cUA-OsUOA
_dUA-OsUOA
245 _aЗахідноєвропейський живопис 14-18 століть
_bАльбом
_cУпор. Л.М.Сак
300 _a264 с.
_bІлюстрації
955 _a0
041 _aukr
080 _a75.03
260 _aКиїв
_bМистецтво
_c1981
044 _aUA
650 7 _2UDC
999 _c313733
_d313733